| 000 | 00749nam a22002417a 4500 | ||
|---|---|---|---|
| 999 |
_c7916 _d7916 |
||
| 001 | 21375 | ||
| 003 | BD-DhUAP | ||
| 005 | 20211221102953.0 | ||
| 008 | 211208b2012 -uka|||| |||| 001 0beng d | ||
| 020 | _a9783037681060 | ||
| 040 |
_aBD-Dh UAP _bEng _cBD-Dh UAP _dBD-Dh UAP _eBD-Dh UAP |
||
| 082 |
_223 _a720.47 UFF |
||
| 100 | _aUffelen, Chris Van. | ||
| 245 |
_aPassive Houses : _benergy Efficient Homes / _cChris Van Uffelen. |
||
| 260 |
_aLondon: _bBraun; _c2012. |
||
| 300 |
_a239 Pages : _bIllustration, Photograph, Maps ; _c26cm. |
||
| 500 | _aIncludes Index. | ||
| 504 | _aIncludes Bibliographical References. | ||
| 600 | _aEcological Houses. | ||
| 650 |
_aArchitecture. _zLondon. |
||
| 650 | _2Sustainable architecture ; | ||
| 942 |
_2ddc _cBK |
||